Новый способ изготовления портретов и картин из цветочно-ковровых растений

Detalles Bibliográficos
Autor Principal: Волынский П. И.
Idioma:ruso
Publicado: Москва, Сельхозгиз, 1940
Edición:2-е изд.
Subjects:
Formato: MixedMaterials Libro
KOHA link:https://koha.lib.tpu.ru/cgi-bin/koha/opac-detail.pl?biblionumber=326198

MARC

LEADER 00000nam0a2200000 4500
001 326198
005 20231102003834.0
035 |a (RuTPU)RU\TPU\book\351833 
035 |a RU\TPU\book\352025 
090 |a 326198 
100 |a 20161226d1940 m y0rusy50 ca 
101 0 |a rus 
102 |a RU 
105 |a a z 000zy 
200 1 |a Новый способ изготовления портретов и картин из цветочно-ковровых растений  |f П. И. Волынский 
205 |a 2-е изд. 
210 |a Москва  |c Сельхозгиз  |d 1940 
215 |a 43 с.  |c ил. 
606 1 |a Растения декоративные  |2 stltpush  |3 (RuTPU)RU\TPU\subj\23945  |9 48411 
610 1 |a цветочно-ковровое оформление 
610 1 |a посадочный материал 
610 1 |a грунт 
610 1 |a ковровые растения 
610 1 |a портретные композиции 
610 1 |a цветочные композиции 
610 1 |a цветочные картины 
675 |a 633/635  |v 4 
700 1 |a Волынский  |b П. И. 
801 1 |a RU  |b 63413507  |c 20161220 
801 2 |a RU  |b 63413507  |c 20200219  |g RCR 
942 |c BK